| 000 | 00000nam##2200000za#4500 |
| 001 | 9.639170 |
| 003 | CaOODSP |
| 005 | 20250910142445 |
| 007 | cr ||||||||||| |
| 008 | 150407|2008||||xxc|||||o f|0| 0 fre|d |
| 040 | |aCaOODSP|bfre |
| 043 | |an-cn--- |
| 086 | 1 |aD2-147/2008F-PDF |
| 110 | 1 |aCanada. |bMinistère de la défense nationale. |
| 245 | 10|aLes religions au Canada / |h[ressource électronique]|cPublié par le Directeur, droits de la personne et diversité (DDPD). |
| 250 | |a2e édition. |
| 260 | |aOttawa - Ontario : |bDéfense nationale |cJuin 2008. |
| 300 | |a156|bglossaire |
| 500 | |aLe n° de catalogue (D2-147/2003) et l'ISBN (0662-67193-7) de l'édition imprimée bilingue de 2003 ont été incorrectement copiés dans la version PDF. |
| 590 | |a12-25-Supp|b2012-06-04 |
| 691 | 07|aReligion|2gcpds |
| 775 | 08|tReligions in Canada / |w(CaOODSP)9.694147 |
| 856 | 40|ahttp://publications.gc.ca|qPDF|s3766 Ko|uhttps://publications.gc.ca/collections/collection_2011/dn-nd/D2-147-2008-fra.pdf |